中国大陆各省区2024年GDP最低地级行政区 Prefectures with lowest GDP in their provinces - Statistics

General Stats
  • This quiz has been taken 105 times
  • The average score is 18 of 27
Answers on the Map
Answers color-coded by a green-red scale on the quiz's map according to % correct below.
 
Answer Stats
末位地市 GDP % Correct
连云港 4663
92%
阿里 106
83%
丽水 2181
80%
张家口 1890
80%
大兴安岭 173
80%
果洛 69
79%
阿坝 570
77%
云浮 1309
76%
枣庄 2386
76%
固原 464
75%
南平 2090
73%
甘南 256
73%
阿拉善 414
72%
怒江 279
66%
安顺 1186
66%
张家界 654
65%
铜川 523
65%
鹤壁 1094
63%
阜新 650
62%
黄山 1134
61%
新余 1143
61%
辽源 528
61%
阳泉 856
58%
三亚 1005
54%
鄂州 1341
51%
克孜勒苏 257
49%
贺州 964
46%
No matching quizzes found
Score Distribution
Percent of People with Each Score
Percentile by Number Answered
Your Score History
You have not taken this quiz